[Event "Leuven GCT rapid"]
[Site "Leuven"]
[Date "2016.06.18"]
[Round "9"]
[White "Kramnik, Vladimir"]
[Black "Carlsen, Magnus"]
[Result "0-1"]
[WhiteElo "2812"]
[BlackElo "2855"]
[Annotator "Mekhitarian,K"]
[PlyCount "108"]
[EventDate "2016.06.17"]
[EventType "tourn (rapid)"]
[EventRounds "9"]
[EventCountry "BEL"]
[EventCategory "22"]
[SourceTitle "CBM 173"]
[Source "ChessBase"]
[SourceDate "2016.07.12"]
[SourceVersion "1"]
[SourceVersionDate "2016.07.12"]
[SourceQuality "1"]

1. Nf3 e6 2. g3 b5 3. e4 Bb7 4. Qe2 c5 5. Bg2 a6 6. O-O Nf6 7. e5 Nd5 8. b3 {
One thing is for sure - both players were looking to play original chess from
the 1st move!. We have now a mix of different openings on the board, and a
rich position.} Nc6 9. Bb2 Be7 10. Nc3 $5 (10. c4 {was another way to play the
position} bxc4 11. bxc4 Nb6 12. Nc3 O-O {White wants to play Ne4 now, but ...
Na4 would be annoying then} 13. Rab1 $5 d5 $1 14. exd6 Qxd6 15. Ne4 Qc7 16.
Rfe1 Rad8 $13 {If Black is able to regroup nicely, he could even look for an
advantage, since the d-pawn could be a problem forever.}) 10... Nxc3 11. dxc3
O-O 12. Rad1 Qc7 13. c4 Rad8 14. h4 (14. cxb5 axb5 15. Qxb5 Ra8 $1 $132 {
threatening ...Rxa2 and ...Ba6.}) 14... f6 $5 15. exf6 Bxf6 16. Bxf6 gxf6 {
Carlsen plays very creatively, but the weaknesses around his king will be a
potential problem in any position where the queens are maintained.} (16... Rxf6
$5) 17. cxb5 (17. c3 $5 {limiting the knight on c6 was an interesting idea}
bxc4 (17... b4 $2 18. Qe3 $1 {hitting c5} Ne7 19. cxb4 cxb4 20. Rfe1 $16) 18.
Qxc4 $14) 17... axb5 18. Qxb5 Nb4 $1 $132 19. Qe2 Nxa2 20. Qc4 (20. Ra1 Nb4 21.
Rfd1 $14 {was a better way to organise the pieces. Now Black's centre can't
advance easily and White could claim a small advantage, mostly because of the
better security of his king.}) 20... Kh8 21. Ra1 Ra8 22. Rfe1 $6 d5 23. Qg4 e5
{Black suddenly is taking over the initiative!} 24. h5 Bc8 25. Qh4 Bb7 26. Nh2
$6 (26. Qg4 $5 {I don't know if Black would keep on playing if Kramnik
repeated the position once again.}) 26... Nb4 27. Rxa8 Bxa8 28. c4 Nc2 {
I like this move, without pushing his central structure even more.} (28... e4
$5 29. cxd5 f5 {led to interesting play, now Black will take on d5 and wants
to grab b3 as well. White finds nice counterplay:} 30. Nf1 Bxd5 31. Ne3 Bxb3
32. h6 $1 {and with the pawns on light squares, the black king feels even more
unsafe (since the a1-h8 diagonal is now open)} Qf7 33. Ra1 Be6 34. Qf4 Qf6 35.
Ra7 $44) 29. Rd1 Nd4 30. cxd5 (30. Ra1 $5 {a tough move to play in time trouble
} Bb7 31. Bxd5 Bxd5 32. cxd5 Qd6 33. Qe4 f5 34. Qd3 Qxd5 35. Ra7 $132) (30.
Bxd5 $2 Bxd5 31. cxd5 Qd6 {and the queen achieves a commanding position on d5}
32. Qe4 f5 33. Qe3 Qxd5 34. Re1 Re8 $17) 30... Qf7 31. Qe4 Rd8 32. h6 $2 (32.
Qh4 $1 {threatening Ng4, Black has to act fast} Bxd5 33. Bxd5 Rxd5 34. Ra1 $1 {
there are many ideas connected with the activation through the a-file. A
weakened king will always suffer somehow.} Qf8 (34... Rd8 35. Ra7 $1 Qe6 (35...
Qxa7 $2 36. Qxf6+ $18) (35... Nf3+ 36. Nxf3 Rd1+ 37. Kg2 Qxa7 38. Qxf6+ Qg7 39.
Qe6 $40) 36. Qg4 $16 {with a lot of pressure}) 35. Ra7 $36 {and White clearly
has the better chances against the vulnerable black king.}) 32... Bxd5 33. Qg4
Bxb3 $17 {Now Black is a solid pawn up and has a dangerous passer on the
c-file.} 34. Ra1 Be6 35. Qe4 Qg6 36. Ra8 Rg8 (36... Rxa8 $5 {similar to the
game} 37. Qxa8+ Qg8 $17) 37. Rxg8+ Bxg8 38. Qxg6 $2 {Now White is losing.} (38.
Qa8 $1 {was still very complicated, Black's king does not feel safe, meaning
it is not easy to push the c-pawn forward} c4 39. Be4 Qg5 40. Nf3 Nxf3+ 41.
Bxf3 {threatening the decisive Qf8, followed by Bd5} c3 42. Qc8 Qxh6 43. Qxc3
$17 {with a long endgame to come, where White has great drawing chances.})
38... hxg6 39. Ng4 c4 40. Nxf6 c3 41. Be4 c2 {Doesn't spoil anything, but} (
41... Nf3+ {would force a win right away} 42. Kg2 Nd2 43. Bd3 (43. Bc2 Bb3 44.
Ne4 (44. Bd3 e4 $1 45. Nxe4 Nxe4 46. Bxe4 Bd5 $19) 44... Bxc2 45. Nxc3 Kh7 $19)
(43. h7 Bb3 44. Bd3 e4 $1 $19) 43... Bc4 44. Bc2 Bb3 {-- 43.Bc2}) 42. Bxc2 Nxc2
43. Nd7 e4 44. Nf6 e3 45. fxe3 Nxe3 46. g4 Nd5 47. Nxd5 {You can never blame
anyone for playing this, because the winning plan for Black is subtle.
Probably without time, Kramnik thought he had reached a drawn endgame.} (47.
Ne4 $1 {was the most resilient, since the game sequence loses by force} Nf4 48.
Kf2 Bd5 {achieving the best possible setup} 49. Ng5 (49. Nf6 Bc6 50. Ke3 Ne6
51. Kf2 g5 {now Black simply goes on to take h6 and gradually wins g4, and the
game} 52. Ke3 Nd8 53. Kd4 Nf7 54. h7 Kg7 $19) 49... Ne6 $1 50. Nxe6 Bxe6 51. g5
Kg8 52. Ke3 Kf8 53. Kd4 Bg8 54. Ke5 Ke7 $19) 47... Bxd5 48. g5 Kg8 49. Kf2 Kf8
50. Ke3 Bg8 51. Kd4 Ke8 $3 {A beautiful finesse from the world champion.} (
51... Ke7 {still wins, but Black would need to reach the position with Ke8
anyway. For example:} 52. Ke5 Kf7 53. Kd5 $1 (53. Kd6 {would actually help
Black, because the win becomes very intuitive:} Ke8 54. Ke5 Ke7 55. Kd4 Kd6 56.
Ke4 Ke6 57. Kf4 Kd5 $19 {After reaching the 5th rank, the g5-pawn is lost, and
so is the game}) 53... Kf8+ 54. Kd4 Ke8 $1) 52. Ke4 Kd7 53. Kd3 (53. Ke5 Ke7
$19 {followed by Kd6-Ke6 and the invasion of the black king-}) 53... Ke6 54.
Ke4 Bh7 {Reaching the 5th rank with his king, and winning the game.} 0-1

[Event "Leuven GCT blitz"]
[Site "Leuven"]
[Date "2016.06.19"]
[Round "3"]
[White "Kramnik, Vladimir"]
[Black "Aronian, Levon"]
[Result "1-0"]
[WhiteElo "2812"]
[BlackElo "2792"]
[Annotator "Besenthal,K"]
[PlyCount "71"]
[EventDate "2016.06.19"]
[EventType "tourn (blitz)"]
[EventRounds "18"]
[EventCountry "BEL"]
[EventCategory "22"]
[SourceTitle "CBM 173"]
[Source "ChessBase"]
[SourceDate "2016.07.12"]
[SourceVersion "1"]
[SourceVersionDate "2016.07.12"]
[SourceQuality "1"]

1. Nf3 d5 2. g3 Nf6 3. Bg2 e6 4. O-O Be7 5. d3 O-O 6. Bf4 Nc6 7. d4 b6 8. c4
Bb7 9. Nc3 Na5 10. cxd5 Nxd5 11. Nxd5 Bxd5 12. Qc2 Rc8 13. e4 Bb7 14. Rad1 Qd7
15. Ne5 Qb5 16. Rfe1 {Diagramm [#]} Rfd8 $2 {Damit bringt sich Schwarz
überraschend in Schwierigkeiten.} 17. Bh3 $1 {Die weißen Figuren sind
hervorragend aufgestellt, was man von den schwarzen nicht behaupten kann.} Bb4
18. Re3 Bd6 19. d5 $1 {Diagramm [#]} Bxe5 20. Bxe5 Nc4 21. Rb3 Qa4 22. Rd4 Ba6
23. dxe6 Rxd4 24. Bxd4 Rd8 25. exf7+ Kf8 26. Qc3 Ne5 27. Bc5+ bxc5 28. Qxc5+
Rd6 29. Qxe5 Rd1+ {Diagramm [#] Da muss man glatt zweimal hinschauen!} 30. Bf1
(30. Kg2 $1 Bf1+ 31. Kf3 Bxh3 32. Rb8+ Kxf7 33. Qh5+ Ke7 34. Qh4+ Kf7 35. Qxh3
Rd3+ 36. Kf4 g5+ 37. Kxg5 Qxe4 38. Qh5+ $18) 30... Bxf1 $2 (30... Rxf1+ $1 31.
Kg2 Qc6 {ebenfalls mit großem Vorteil für Weiß, aber in einer Blitzpartie
wäre das nicht einfach zu realisieren gewesen.}) 31. Qc5+ Kxf7 {Diagramm [#]}
32. Rf3+ $2 (32. Qh5+ $1) 32... Ke6 33. Qf5+ Kd6 34. Qf8+ Kc6 $4 (34... Ke6 $1)
35. Qe8+ Kb7 36. Qxa4 1-0

[Event "Leuven GCT blitz"]
[Site "Leuven"]
[Date "2016.06.20"]
[Round "14"]
[White "Carlsen, Magnus"]
[Black "Kramnik, Vladimir"]
[Result "1/2-1/2"]
[WhiteElo "2855"]
[BlackElo "2812"]
[Annotator "Nielsen,Peter Heine"]
[PlyCount "132"]
[EventDate "2016.06.19"]
[EventType "tourn (blitz)"]
[EventRounds "18"]
[EventCountry "BEL"]
[EventCategory "22"]
[SourceTitle "CBM 173"]
[Source "ChessBase"]
[SourceDate "2016.07.12"]
[SourceVersion "1"]
[SourceVersionDate "2016.07.12"]
[SourceQuality "1"]

{Kramnik used to be a difficult opponent for Magnus, but while the balance had
obviously changed, 2016 had become an extreme, the score being 7-0 with no
draws before this game! Only 1 was classical chess, but even so, quite an
extraordinary situation between the world ranking nos. 1 and 2!} 1. e4 e5 2.
Nf3 Nc6 3. Bb5 Nf6 4. O-O Nxe4 5. Re1 $5 {Like their game in Qatar (still
2015!), where a draw sufficed for Magnsu to clinch first.} Nd6 6. Nxe5 Be7 7.
Bf1 Nxe5 8. Rxe5 O-O 9. d4 Bf6 10. Re1 Re8 11. c3 Rxe1 12. Qxe1 Ne8 13. Bf4 d5
14. Bd3 g6 15. Nd2 Ng7 16. Nf1 $5 {Deviating from the Qatar game, which went
16.Nf3. This move looks like just swapping down to a draw, but Magnus had a
specific idea in mind.} Bf5 17. Bxf5 Nxf5 18. Ne3 Nxe3 19. Qxe3 Qd7 20. Re1 {
Obviously the small details are in White's favour. Anyhow they seem too small
to matter. Personallly I always suffered as Black against 5.Re1, but told
myself it's you, not the position there is something wrong with. Just give it
to Kramnik, and he will show how to draw I used to think. He, however, also
commits an inaccuracy. Best would be first ...h5! creating "luft" for the king,
and even later maybe the h-pawn can be used positively for an attack. It's
hard to believe Black should be in any trouble; now, however, it is another
matter:} c6 $2 21. Bh6 $1 {Suddenly Black is in dire straits. He can in no way
activate his queen, as White has back rank mate motifs with the queen
sacrifice Qe8+!. Thus there is no alternative to the exchange of bishops:} Bg7
22. Bxg7 Kxg7 23. Qe7 $1 {The big differance with the disappearance of the
bishops, is that white gets access to e7.} Rd8 ({The computer suggests
exchanging with} 23... Qxe7 24. Rxe7 Rb8 {but any human would say that} 25. f3
Kf6 26. Rc7 Ke6 27. Kf2 {is just terrible for Black who needs to keep b7 and
f7 defended, meaning White can in peace and quiet try and break through with
king and pawns on either side of the board.}) 24. h4 h5 25. Re3 b6 26. Qe5+ Kg8
27. Kh2 a5 28. f3 a4 29. Kg3 b5 30. Kf4 {This position led to quite a
discussion in the players room, where participants used to gather when their
games had finished. The engines shows only a moderate edge for White, but
quite a few said that White should be just winning. There is a lot of logic to
that statement. Kg5 is a threat, and also g4 next could prove very difficult
to handle for Black.} Qd6 $2 ({But turning on the engines, I cannot prove a
deceisive edge against} 30... Rf8 $1 {Much in the style of the game would be}
31. a3 $5 {trying to claim zugzwang!} ({The obvious point is that} 31. Kg5 $2 {
is impossible due to} f6+) ({and after} 31. g4 hxg4 32. fxg4 f5 $1 {Black
seems to hold. The point is} 33. g5 ({and} 33. Qe6+ Qxe6 34. Rxe6 fxg4+ 35.
Kxg4 Kg7 36. Rxc6 Rf2 $1 {seems to create just enough counterplay.}) 33... Qh7
$1 {creates counterplay, and}) {But} 31... Qd8 ({e.g.} 31... Qc8 32. g4 hxg4
33. fxg4 f5 (33... Qd8 $5) 34. g5 {now is completely winning, as now the queen
cannot creat threats in the h-file.}) 32. Qe7 Qb8+ 33. Kg5 Qg3+ 34. Kh6 Qf4+
35. Qg5 {looks like leading to a dominating ending, but there are sublte
differences compared to the game. After} Qxg5+ 36. Kxg5 {looks better, but
after} (36. hxg5 h4 $1 {surprisingly seems very solid for Black, and White's
"active" king on h6, also is somewhat boxed in.} (36... Rc8 $2 37. g3)) 36...
Kg7 37. Re7 Rd8 {Black has a much better defensive setup than in the game, as
the white king will not reach e5. My intuition tells me White must have a way
in these lines, but I do not see it.}) 31. Qxd6 Rxd6 32. Re8+ Kg7 33. Ke5 Rd7
34. a3 $1 {A complete zugzwang! King moves loses to Kf6, rook moves to Kd6,
and 34...f6+ 35.Ke6 threatens the rook, and when it moves, 36.Re7+ forces an
easily winning pawn ending. So Kramnik has no choice, but to start shedding
pawns, just to obtain a bit of counterplay.} g5 {.} 35. hxg5 h4 36. f4 Kg6 37.
Rg8+ Kh7 38. Rc8 Kg7 39. Rxc6 Re7+ 40. Kxd5 Re2 $1 {White is winning, but at
least Black has become active, and after taking either b2 or g2, he can create
a passed pawn of his own.} 41. Rh6 $2 {Now actually it becomes tricky.} ({
The simple way was} 41. Kc5 $1 {combining threats against Black's queenside
pawns, with advancing his own d-pawn winning easily.}) 41... Rxb2 42. Rxh4 Rb3
43. Kc5 Rxc3+ 44. Kxb5 Rxa3 45. f5 Ra1 46. Kb4 a3 47. g4 Rd1 $1 {White might
have missed a possible win, which is understandable in a blitz game. Now
however it seems to be a certain draw, as Kramnik sacrifices his main trump,
the passed pawn, but in exchange gets White's d-pawn and forces a kind of
fortress-like situation, where White despite his 2 extra pawns still can't
make any progress.} 48. Kxa3 Rxd4 49. Kb3 Rf4 50. Kc3 Ra4 51. Kd3 Ra3+ 52. Kc4
Ra4+ 53. Kb5 Rf4 54. Kc6 Ra4 55. Kd6 Ra6+ 56. Kc7 Ra7+ 57. Kb6 Ra4 58. Kb5 Rf4
59. Kc5 Ra4 60. Kc6 Rb4 61. Kd5 Ra4 62. Ke5 Ra5+ 63. Kd6 Ra6+ 64. Kc5 Ra4 65.
Kc6 Rb4 66. Kd5 Ra4 {And here the players agreed a draw.} 1/2-1/2

[Event "Dortmund 44th"]
[Site "Dortmund"]
[Date "2016.07.12"]
[Round "3"]
[White "Kramnik, Vladimir"]
[Black "Buhmann, Rainer"]
[Result "1/2-1/2"]
[WhiteElo "2812"]
[BlackElo "2653"]
[Annotator "Prasanna,V"]
[PlyCount "92"]
[EventDate "2016.07.09"]
[EventType "tourn"]
[EventRounds "7"]
[EventCountry "GER"]
[EventCategory "20"]
[SourceTitle "CBM 174"]
[Source "ChessBase"]
[SourceDate "2016.09.13"]
[SourceVersion "1"]
[SourceVersionDate "2016.09.13"]
[SourceQuality "1"]

1. e4 {Kramnik has started playing 1.e4 a bit these days. Although typically
at the elite level he has faced mostly 1...e5.} e6 {You don't see the French
at the top level too often, but as always Kramnik is well prepared.} 2. d4 d5
3. Nc3 Nf6 4. e5 {The most critical continuation for the fight for the
advantage in my opinion.} Nfd7 5. f4 c5 6. Nf3 Be7 7. Be3 b6 8. Qd2 (8. h4 {
has also been played, but Kramnik shows his aggressive intentions after the
king has castled.}) 8... O-O ({Life is also not easy for Black even if he
decides to delay castling:} 8... Nc6 9. Bb5 $5 (9. Be2 {is also possible}) 9...
Bb7 10. O-O-O a6 11. Bxc6 Bxc6 12. f5 b5 (12... h6 13. g4 $16) 13. fxe6 fxe6
14. Ne2 (14. Ng5 {is more precise here} Bxg5 15. Bxg5 Qc7 16. Qf4 $16 {White's
attack is quickly developing and is much faster than Black's.}) 14... c4 (14...
Nb6 {is a better try for Black:} 15. Bg5 c4 16. Bxe7 Qxe7 17. Qg5 h6) 15. Ng5
Nf8 16. Rhf1 Bxg5 17. Bxg5 Qd7 18. Qc3 h6 19. Qh3 Rh7 20. Qf3 Rh8 21. Qh3 Rh7
22. Qf3 Rh8 23. Qh5+ g6 24. Qh3 {1-0 (24) Bok,B (2614)-Kjartansson,G (2457)
Gjakova KOS 2016}) 9. h4 $5 {A very aggressive idea.} (9. Nd1 {is another idea
for White and after 10...a5 Black has been doing okay theoretically.}) 9... Nc6
(9... Ba6 {The exchange of Black's bad light-squared bishop does not solve all
his problems.} 10. Bxa6 Nxa6 11. h5 $14) 10. Bb5 Qc7 (10... cxd4 $6 {is not a
good idea for Black.} 11. Nxd4 Nxd4 (11... Bxh4+ 12. g3 $1) 12. Bxd4 Bxh4+ 13.
g3 $1 {is of course White's idea} Bxg3+ $2 14. Ke2 {White has a winning attack}
Bh4 15. Qd3 f5 16. Qh3 $18) 11. O-O-O a6 12. Bd3 (12. Bxc6 {is an alternative
for White, but the move in the game is very strong and I suspect prepared by
Kramnik} Qxc6 13. f5 exf5 (13... Bb7 14. Bg5 $1) 14. dxc5 Bxc5 15. Nxd5 (15.
Bxc5 Nxc5 16. Nxd5 Qb7 17. Nf6+ Kh8) 15... Re8 16. Bxc5 Qxc5 $13) 12... f5 (
12... c4 {is of course answered by} 13. Bxh7+ $1 Kxh7 14. Ng5+ Kg8 15. Qe2 g6
16. Qg4 f5 17. Nxe6 fxg4 18. Nxc7 Rb8 19. h5 {White is winning because of the
extremely bad position of the black pieces.}) 13. g4 c4 14. gxf5 {Again
Kramnik chooses the strongest move in the position. White has other options
which are slightly less precise, but might also lead to an advantage.} (14. Ng5
cxd3 15. Nxe6 Qb7 16. Nxf8 Nxf8 17. Qxd3 $13) (14. Bf1 fxg4 15. Ng5 Ndb8 16.
Qg2 $16) 14... cxd3 15. fxe6 Ndb8 (15... Ndxe5 {A defensive idea is to
returning the material and consolidating the position.} 16. Nxe5 (16. dxe5 dxc2
(16... d4 17. Nd5 Qd8 18. Nxe7+ Qxe7 19. Qxd3 dxe3 20. Ng5 $40) 17. Kxc2 (17.
Rdg1 Bxe6) 17... Bxe6 18. Kb1 Rad8 19. Rhg1 d4) 16... Bxe6 17. cxd3 Nxe5 18.
fxe5 Bb4 19. Kc2 Ba5) 16. Nxd5 Qd8 17. Nxe7+ Nxe7 18. Ng5 h6 19. Qxd3 hxg5 20.
hxg5 Bxe6 21. Qh7+ Kf7 22. d5 Bf5 {Kramnik has been impeccably accurate so far.
} 23. e6+ $2 {White's first mistake of the game and also after which he loses
all his advantage.} (23. Qh5+ $1 {is both the simplest and most precise way to
continue:} Bg6 24. Qe2 Nxd5 25. Qf3 Ke7 (25... Ke6 26. c4 $18) 26. Rxd5 {
White has more than sufficient compensation for the piece} Qc8 27. Qd1 Be4 28.
Rd6 Bxh1 29. Qxh1 Ra7 30. Bxb6 Rd7 31. Qd5 $18) (23. g6+ $5 Ke8 24. Qxg7 Qc7
25. Rd2 Nxd5 26. Qh6 Rg8 27. g7 Qxg7 28. Rxd5 Qg6 29. Qxg6+ Bxg6 30. Rg1 Bh7
31. Rxg8+ Bxg8 32. Rd6 $14) 23... Ke8 24. Qxg7 Qc7 25. Rh2 (25. Rd2 {kept the
balance in the position} Nxd5 26. Qd4 Bxe6 27. Qe4 Qc6 28. Bxb6 $13 {The
position is equal but I believe beyond the scope of human calculation.}) 25...
Nxd5 26. Qxf8+ Kxf8 27. Rxd5 Bh7 $2 (27... Bg6 {is winning for Black} 28. b3
Qc3 29. Bd4 Qe1+ 30. Kb2 Qxe6 $19) 28. b3 {A very hard move to make when you
are a queen down but the move is also the computers top choice.} Ke8 (28... Qc3
29. Bd4 Qe1+ 30. Kb2 Qxe6 {does not work anymore because of} 31. Rd8+ $18) 29.
g6 {The positon is actually equal after this because White regains most of the
material back after this move.} Bxg6 30. Rh8+ Ke7 31. f5 Bxf5 32. Rxf5 Qc3 (
32... Kxe6 {also does not change the evaluation of the position} 33. Rff8 Qc3
34. Kb1 Nc6 35. Rxa8 Qxe3 36. Rhe8+ Ne7 37. Ra7 Qg1+ 38. Kb2 Qd4+ {Black has
nothing better than to repeat for a draw.} 39. Kb1 Qg1+) 33. Bg5+ Kxe6 34. Rf6+
Qxf6 (34... Ke5 35. Re8+ Kd5 36. Kb1 {according to the computer actually gives
some chances for White} (36. Rd8+ Ke5 37. Re8+ {with perpetual})) 35. Bxf6 Kxf6
36. Rh6+ Ke5 37. Rxb6 Kd5 38. Kb2 Nc6 39. a3 Kc5 40. Rb7 {The endgame is drawn
as Black does not have enough material to convert his position and the pawn
will inevitably be exchanged.} Rg8 41. Rh7 Rg2 42. Rh5+ Kd6 43. Kc3 Rg3+ 44.
Kb2 Rg2 45. Kc3 Rg3+ 46. Kb2 Rg2 1/2-1/2